00802cam a2200229 a 4500001001000000003000400010005001700014008004100031040002500072082001900097100003400116245007100150260005300221300002100274504003400295590002700329600005100356910001500407942001300422952012200435999001500557000001321OSt20200929145536.0700706s1969 xxc b 000 0beng  aDO-SdBNPbspacBNPHU a922.271bT686B1 aBoorman, Sylvia,d1923-9446110aJohn Toronto : ba biography of Bishop Strachan /cSylvia Boorman. aToronto, Ontario, Canada :bClarke Irwin,c1969. a222 p. ;c22 cm. aBibliografía: p. [219]-222. aInventariado, 2020/ YL10aSTRACHAN, JOHN,d1778-1867.xBIOGRAFÍA94462 aEn proceso 2ddccLF1 001052708MOaGRbGRcHDd2009-09-04iLF1l0o922.271 T686Bp1321-10r2020-06-25w2020-06-25y2ZPréstamo interno c1255d1255